000 00663nab a2200193 4500
001 244442
003 OSt
005 20250702074829.0
007 tu
008 200917s2020|||||||
040 _aDE-2950
_cDE-2950
245 0 0 _aHunderte wollen bei Premiere mitfahren
_bÖPNV. Die neue Straßenbahn rollt zu ihrer ersten Fahrt aus. Und hunderte Frankfurter kamen, um den Moment hautnah zu erleben. So fand das lange Warten ein Ende/
_cSelim Pekel
264 _c2024
653 _aFrankfurt (Oder)
653 _aÖPNV
653 _aneue Straßenbahn
773 0 _g36. Jahrgang (2025) Nr. 138 vom 17.06.2025, S. 13 mit Foto
_tMärkische Oderzeitung
942 _2z
_cA
999 _c373844
_d373844